Petrochemical Industries Tcchnology and Processes / (Record no. 564950)

000 -LEADER
fixed length control field 00405nam a2200133Ia 4500
008 - FIXED-LENGTH DATA ELEMENTS--GENERAL INFORMATION
fixed length control field 210430s9999 xx 000 0 und d
020 ## - INTERNATIONAL STANDARD BOOK NUMBER
International Standard Book Number 8123918801
082 ## - DEWEY DECIMAL CLASSIFICATION NUMBER
Classification number 661.804 L183 P
100 ## - MAIN ENTRY--PERSONAL NAME
Personal name Chitta Ranjan Lahiri, Dipa Biswas
9 (RLIN) 127117
245 ## - TITLE STATEMENT
Title Petrochemical Industries Tcchnology and Processes /
Statement of responsibility, etc. Chitta Ranjan Lahiri
260 ## - PUBLICATION, DISTRIBUTION, ETC.
Place of publication, distribution, etc. India
Name of publisher, distributor, etc. CBS Publisher
Date of publication, distribution, etc. 2010
300 ## - PHYSICAL DESCRIPTION
Extent 196 p
942 ## - ADDED ENTRY ELEMENTS (KOHA)
Koha item type Book
Source of classification or shelving scheme
Holdings
Withdrawn status Lost status Damaged status Not for loan Collection code Permanent Location Current Location Shelving location Date acquired Total Checkouts Full call number Barcode Date last seen Price effective from Koha item type
          School of Chemical & Materials Engineering (SCME) School of Chemical & Materials Engineering (SCME) General Stacks     661.804 L183 P SCME-4230 04/30/2021 04/30/2021 Book
© 2023 Central Library, National University of Sciences and Technology. All Rights Reserved.